Continents by satellite images - Statistics

General Stats
  • This quiz has been taken 36 times
  • The average score is 5 of 6
Answer Stats
Picture Answer % Correct
Asia
93%
Europe
93%
South America
93%
Africa
90%
North America
86%
Oceania
79%
No matching quizzes found
Score Distribution
Percent of People with Each Score
Percentile by Number Answered
Your Score History
You have not taken this quiz